Złota Piłka 2009 - Top 10 - Statystyki

Ogólne statystyki
  • Ten quiz został rozwiązany 369 razy
  • Średni wynik to 9 z 10
Statystyki odpowiedzi
Lp. Klub Kraj Zawodnik % Poprawnych
2 Real Madryt Portugalia Cristiano Ronaldo
100%
1 Barcelona Argentyna Lionel Messi
100%
4 Barcelona Hiszpania Andres Iniesta
98%
3 Barcelona Hiszpania Xavi
97%
9 Chelsea WKS Didier Drogba
94%
7 Barcelona Szwecja Zlatan Ibrahimovic
93%
5 Inter Kamerun Samuel Eto'o
88%
8 Man United Anglia Wayne Rooney
86%
10 Liverpool Anglia Steven Gerrard
79%
6 Real Madryt Brazylia Kaka
63%
Nie znaleziono quizów pasujących do podanych kryteriów
Rozkład punktacji
Procent ludzi z każdym wynikiem
Percentyl według liczby udzielonych odpowiedzi
Twoja historia wyników
Nie rozwiązałeś tego quizu